000 00791nam a2200289Ia 4500
005 20250425161845.0
008 250425s9999 xx 000 0 und d
020 _a9682611202
041 _aspa
043 _amx
082 _a658.8
100 _aRETZLER, KATHRYN
245 0 _aINICIE SU NEGOCIO DE SERVICIO Y HAGALO PROSPERAR
250 _a1A ED.
260 _aMEXICO
260 _aMéxico
_bCOMPAÑIA EDITORIAL CONTINENTAL,S.A.
_c1990
300 _a266
500 _aTítulo Traducido: HOW TO START A SERVICE BUSINESS AND MAKE IT SUCCEED
650 _aESTRATEGIAS DE MARKETING
650 _aFINANCIAMIENTO
650 _aNEGOCIOS
650 _aSERVICIO AL CLIENTE
700 _aALFONSO VASSEUR WALLS
_etraductor
710 _aCECSA
942 _c01
010 _a32560
999 _c217533
_d217533